<?xml version="1.0" encoding="UTF-8"?>
<record
    xmlns:xsi="http://www.w3.org/2001/XMLSchema-instance"
    xsi:schemaLocation="http://www.loc.gov/MARC21/slim http://www.loc.gov/standards/marcxml/schema/MARC21slim.xsd"
    xmlns="http://www.loc.gov/MARC21/slim">

  <leader>00946nam a2200229 a 4500</leader>
  <controlfield tag="001">39517</controlfield>
  <controlfield tag="003">BD-RjUL</controlfield>
  <controlfield tag="005">20211209053015.0</controlfield>
  <controlfield tag="008">160412b2013    bg a|||e |||| 00| 0 ben d</controlfield>
  <datafield tag="035" ind1=" " ind2=" ">
    <subfield code="a">(BD-RjUL)39630</subfield>
  </datafield>
  <datafield tag="040" ind1=" " ind2=" ">
    <subfield code="a">BD-RjUL</subfield>
    <subfield code="b">ben</subfield>
    <subfield code="c">BD-RjUL</subfield>
  </datafield>
  <datafield tag="041" ind1=" " ind2=" ">
    <subfield code="a">ben</subfield>
  </datafield>
  <datafield tag="082" ind1=" " ind2=" ">
    <subfield code="2">23</subfield>
    <subfield code="a">891.441</subfield>
    <subfield code="b">BED 2013</subfield>
  </datafield>
  <datafield tag="245" ind1=" " ind2=" ">
    <subfield code="a">&#x9AC;&#x9C7;&#x9A6;&#x9A8;&#x9BE;&#x9B0; &#x9AA;&#x9BF;&#x9B0;&#x9BE;&#x9AE;&#x9BF;&#x9A1; /</subfield>
    <subfield code="c">&#x9B8;&#x9AE;&#x9CD;&#x9AA;&#x9BE;&#x9A6;&#x995; : &#x9A8;&#x9C2;&#x9B0;&#x989;&#x9B2; &#x987;&#x9B8;&#x9B2;&#x9BE;&#x9AE;, &#x9B8;&#x9B9;&#x9AF;&#x9CB;&#x997;&#x9C0; &#x9B8;&#x9AE;&#x9CD;&#x9AA;&#x9BE;&#x9A6;&#x995; : &#x985;&#x9A8;&#x9C1; &#x99A;&#x9CC;&#x9A7;&#x9C1;&#x9B0;&#x9C0;</subfield>
  </datafield>
  <datafield tag="260" ind1=" " ind2=" ">
    <subfield code="a">&#x9A2;&#x9BE;&#x995;&#x9BE; :</subfield>
    <subfield code="b">&#x9B9;&#x9C7;&#x9B2;&#x9BE;&#x9B2;&#x9C1;&#x99C;&#x9CD;&#x99C;&#x9BE;&#x9AE;&#x9BE;&#x9A8; &#x9B8;&#x9B0;&#x995;&#x9BE;&#x9B0; &#x9B0;&#x9C2;&#x9AA;&#x9A8;,</subfield>
    <subfield code="c">&#x9E8;&#x9E6;&#x9E7;&#x9E9;.</subfield>
  </datafield>
  <datafield tag="300" ind1=" " ind2=" ">
    <subfield code="a">&#x9EC;&#x9EA; &#x9AA;&#x9C3;. :</subfield>
    <subfield code="b">&#x99A;&#x9BF;&#x9A4;&#x9CD;&#x9B0;. ;</subfield>
    <subfield code="c">&#x9E8;&#x9E6; &#x9B8;&#x9C7;&#x9AE;&#x9BF;.</subfield>
  </datafield>
  <datafield tag="650" ind1=" " ind2=" ">
    <subfield code="a">&#x9AC;&#x9BE;&#x982;&#x9B2;&#x9BE; &#x9B8;&#x9BE;&#x9B9;&#x9BF;&#x9A4;&#x9CD;&#x9AF;</subfield>
    <subfield code="v">&#x995;&#x9AC;&#x9BF;&#x9A4;&#x9BE;</subfield>
    <subfield code="9">118883</subfield>
  </datafield>
  <datafield tag="650" ind1=" " ind2=" ">
    <subfield code="a">Bengali Literature</subfield>
    <subfield code="v">Poetry</subfield>
    <subfield code="9">116655</subfield>
  </datafield>
  <datafield tag="700" ind1=" " ind2=" ">
    <subfield code="a">&#x987;&#x9B8;&#x9B2;&#x9BE;&#x9AE;,&#x9A8;&#x9C2;&#x9B0;&#x989;&#x9B2;</subfield>
    <subfield code="9">121760</subfield>
  </datafield>
  <datafield tag="700" ind1=" " ind2=" ">
    <subfield code="a">&#x99A;&#x9CC;&#x9A7;&#x9C1;&#x9B0;&#x9C0;,&#x985;&#x9A8;&#x9C1;</subfield>
    <subfield code="9">121761</subfield>
  </datafield>
  <datafield tag="942" ind1=" " ind2=" ">
    <subfield code="2">ddc</subfield>
    <subfield code="c">BK</subfield>
  </datafield>
  <datafield tag="999" ind1=" " ind2=" ">
    <subfield code="c">39517</subfield>
    <subfield code="d">39517</subfield>
  </datafield>
  <datafield tag="952" ind1=" " ind2=" ">
    <subfield code="0">0</subfield>
    <subfield code="1">0</subfield>
    <subfield code="2">ddc</subfield>
    <subfield code="4">0</subfield>
    <subfield code="7">1</subfield>
    <subfield code="8">NFIC</subfield>
    <subfield code="a">RUCL</subfield>
    <subfield code="b">RUCL</subfield>
    <subfield code="c">Reading</subfield>
    <subfield code="d">2014-01-27</subfield>
    <subfield code="e">RU, Author</subfield>
    <subfield code="l">0</subfield>
    <subfield code="o">B 891.441 BED 2013</subfield>
    <subfield code="r">2016-04-12 00:00:00</subfield>
    <subfield code="t">C-1</subfield>
    <subfield code="w">2016-04-12</subfield>
    <subfield code="y">BK</subfield>
  </datafield>
  <datafield tag="952" ind1=" " ind2=" ">
    <subfield code="0">0</subfield>
    <subfield code="1">0</subfield>
    <subfield code="2">ddc</subfield>
    <subfield code="4">0</subfield>
    <subfield code="7">0</subfield>
    <subfield code="8">NFIC</subfield>
    <subfield code="a">RUCL</subfield>
    <subfield code="b">RUCL</subfield>
    <subfield code="c">Stack</subfield>
    <subfield code="d">2014-01-27</subfield>
    <subfield code="e">RU, Author</subfield>
    <subfield code="l">0</subfield>
    <subfield code="o">B 891.441 BED 2013</subfield>
    <subfield code="r">2016-04-12 00:00:00</subfield>
    <subfield code="t">C-2</subfield>
    <subfield code="w">2021-12-09</subfield>
    <subfield code="y">BK</subfield>
  </datafield>
  <datafield tag="952" ind1=" " ind2=" ">
    <subfield code="0">0</subfield>
    <subfield code="1">0</subfield>
    <subfield code="2">ddc</subfield>
    <subfield code="4">0</subfield>
    <subfield code="7">0</subfield>
    <subfield code="8">NFIC</subfield>
    <subfield code="a">RUCL</subfield>
    <subfield code="b">RUCL</subfield>
    <subfield code="c">Stack</subfield>
    <subfield code="d">2014-01-27</subfield>
    <subfield code="e">RU, Author</subfield>
    <subfield code="l">0</subfield>
    <subfield code="o">B 891.441 BED 2013</subfield>
    <subfield code="r">2016-04-12 00:00:00</subfield>
    <subfield code="t">C-3</subfield>
    <subfield code="w">2021-12-09</subfield>
    <subfield code="y">BK</subfield>
  </datafield>
</record>
